<?xml version="1.0" encoding="UTF-8"?>
<record
    xmlns:xsi="http://www.w3.org/2001/XMLSchema-instance"
    xsi:schemaLocation="http://www.loc.gov/MARC21/slim http://www.loc.gov/standards/marcxml/schema/MARC21slim.xsd"
    xmlns="http://www.loc.gov/MARC21/slim">

  <leader>00919nam a22001457a 4500</leader>
  <controlfield tag="008">200130b        xxu||||| |||| 00| 0 eng d</controlfield>
  <datafield tag="020" ind1=" " ind2=" ">
    <subfield code="a">9968982414</subfield>
  </datafield>
  <datafield tag="082" ind1=" " ind2=" ">
    <subfield code="a">708</subfield>
    <subfield code="b">M986m</subfield>
  </datafield>
  <datafield tag="100" ind1=" " ind2=" ">
    <subfield code="a">P&#xE9;rez-Ratton, Virginia y Castell&#xF3;n, Rolando (Curadores)</subfield>
    <subfield code="9">7282</subfield>
  </datafield>
  <datafield tag="245" ind1=" " ind2=" ">
    <subfield code="a">MES&#xF3;TICA II / Centroam&#xE9;rica: re-generaci&#xF3;n</subfield>
  </datafield>
  <datafield tag="260" ind1=" " ind2=" ">
    <subfield code="a">San Jos&#xE9;, Costa Rica</subfield>
    <subfield code="b">Museo de Arte y Dise&#xF1;o Contempor&#xE1;neo</subfield>
    <subfield code="c">1996</subfield>
  </datafield>
  <datafield tag="300" ind1=" " ind2=" ">
    <subfield code="a">86 p.</subfield>
    <subfield code="b">ill (col).</subfield>
    <subfield code="c">27,8 x 21,5 cm</subfield>
  </datafield>
  <datafield tag="505" ind1=" " ind2=" ">
    <subfield code="t">Regina Aguilar</subfield>
    <subfield code="t">Mois&#xE9;s Barrios</subfield>
    <subfield code="t">Patricia Belli</subfield>
    <subfield code="t">Bayardo Blandino</subfield>
    <subfield code="t">Luis Gonzalez Palma</subfield>
    <subfield code="t">Miguel Hernandez</subfield>
    <subfield code="t">Marisel Jimenez</subfield>
    <subfield code="t">Xenia Mejia</subfield>
    <subfield code="t">Rodolfo Molina</subfield>
    <subfield code="t">Priscilla Monge</subfield>
    <subfield code="t">Luis Paredes</subfield>
    <subfield code="t">Ra&#xFA;l Quintanilla </subfield>
    <subfield code="t">Isabel Ruiz</subfield>
    <subfield code="t">Orlando Sobalvarro </subfield>
    <subfield code="t">Karla Solano</subfield>
    <subfield code="t">Pablo Swezey </subfield>
    <subfield code="t">Irene Torrebiarte</subfield>
    <subfield code="t">Marte Eugenia Valle</subfield>
    <subfield code="t">Patricia Villalobos Echeverr&#xED;a </subfield>
    <subfield code="t">Emilia Villegas</subfield>
  </datafield>
  <datafield tag="650" ind1=" " ind2=" ">
    <subfield code="2">Arte contempor&#xE1;neo</subfield>
    <subfield code="v">Arte - exhibiciones</subfield>
    <subfield code="z">Arte - latinoamericano</subfield>
    <subfield code="z">Arte - centroamericano</subfield>
    <subfield code="9">7283</subfield>
  </datafield>
  <datafield tag="999" ind1=" " ind2=" ">
    <subfield code="c">1890</subfield>
    <subfield code="d">1890</subfield>
  </datafield>
  <datafield tag="952" ind1=" " ind2=" ">
    <subfield code="0">0</subfield>
    <subfield code="1">0</subfield>
    <subfield code="2">ddc</subfield>
    <subfield code="4">0</subfield>
    <subfield code="7">0</subfield>
    <subfield code="a">LV</subfield>
    <subfield code="b">LV</subfield>
    <subfield code="c">Eventos y Bienales</subfield>
    <subfield code="d">2020-01-30</subfield>
    <subfield code="l">0</subfield>
    <subfield code="o">708 M986m</subfield>
    <subfield code="p">000175</subfield>
    <subfield code="r">2020-01-30 00:00:00</subfield>
    <subfield code="w">2020-01-30</subfield>
    <subfield code="y">01</subfield>
  </datafield>
</record>
